000
00247nam a2200109Ia 4500
008
200302s9999 xx 000 0 und d
100
_a
Carles Broto
245
_a
City Embellishment Barcelona
260
_b
Publisher
260
_c
2010
300
_a
283
999
_c
6415
_d
6415